000 005040000a22001690004500
003 MACL
005 20160309161033.0
008 160309b xxu||||| |||| 00| 0 eng d
040 _aMACL
_cMACL
041 _aHindi
082 _a891.432
100 _aअश्‍क उपेन्‍द्र नाथ
_941793
245 _aकैद और उडान
260 _bनीलाभ प्रकाशन
_c1950
_aइलाहाबाद
650 _aDrama
_944253
942 _cHIN
_k891.432
_2ddc
999 _c23036
_d23036